000 00665cab a2200193 4500
001 WB2529-24
008 090401t1989 xxu||||| |||| 00| 0 eng d
035 _a(Sirsi) u80955
041 _aeng
245 _aChairman of Greycoat - a profile
260 _c1989
350 _a0
490 _aIndependent
_v24/7/89 p21
520 _aA short profile on the chairman of Greycoat , Geoffrey Wilson , whose business acumen led him to sell out just before the 1973-4 property crash, which adds weight to speculation that he is about to do the same again.
650 _aPROPERTY COMPANIES
690 _aPROPERTY LAW AND PRACTICE
942 _n0
948 _c04/03/1997
999 _c50997
_d50997